Normal view MARC view

Entry Personal Name

Number of records used in: 1

001 - CONTROL NUMBER

  • control field: 167941

003 - CONTROL NUMBER IDENTIFIER

  • control field: OSt

005 - DATE AND TIME OF LATEST TRANSACTION

  • control field: 20220923224334.0

008 - FIXED-LENGTH DATA ELEMENTS

  • fixed length control field: 220923|| aca||aabn | a|a d

040 ## - CATALOGING SOURCE

  • Original cataloging agency: OSt
  • Transcribing agency: OSt

100 ## - HEADING--PERSONAL NAME

  • Personal name: ਬ੍ਰਹਮ ਜਗਜੀਤ ਸਿੰਘ; ਰਾਜਬੀਰ ਕੈਰ

670 ## - SOURCE DATA FOUND

  • Source citation: Work cat.: (OSt)370786: ਬ੍ਰਹਮ ਜਗਜੀਤ ਸਿੰਘ; ਰਾਜਬੀਰ ਕੈਰ, ਪਰਮ ਸੰਤ ਨਾਮਦੇਵ * ਜੀਵਨ, ਦਰFਨ ਅਤੇ ਬਾਣੀ, 1996
Copyright @ Delhi University Library System